The everything budgeting book : (Record no. 1116)

MARC details
000 -LEADER
fixed length control field 00790cam a22002654a 4500
005 - DATE AND TIME OF LATEST TRANSACTION
control field 20260322212047.0
008 - FIXED-LENGTH DATA ELEMENTS--GENERAL INFORMATION
fixed length control field data
010 ## - LIBRARY OF CONGRESS CONTROL NUMBER
LC control number 2002010125
020 ## - INTERNATIONAL STANDARD BOOK NUMBER
International Standard Book Number 9781598696318
040 ## - CATALOGING SOURCE
Original cataloging agency DLC
Transcribing agency DLC
Modifying agency DLC
042 ## - AUTHENTICATION CODE
Authentication code pcc
050 00 - LIBRARY OF CONGRESS CALL NUMBER
Classification number HG179
Item number .D743 2003
082 00 - DEWEY DECIMAL CLASSIFICATION NUMBER
Classification number 640/.42
Edition information 21
092 ## - LOCALLY ASSIGNED DEWEY CALL NUMBER (OCLC)
Classification number 640.42 D743 2008
001 - CONTROL NUMBER
control field data
100 1# - MAIN ENTRY--PERSONAL NAME
Personal name Stouffer, Tere.
245 14 - TITLE STATEMENT
Title The everything budgeting book :
Remainder of title practical advice for spending less, saving more, and having more money for the things you really want /
Statement of responsibility, etc. Tere Stouffer.
250 ## - EDITION STATEMENT
Edition statement 2nd edition
260 ## - PUBLICATION, DISTRIBUTION, ETC.
Place of publication, distribution, etc. Avon, MA :
Name of publisher, distributor, etc. Adams Media Corp.,
Date of publication, distribution, etc. c2008.
300 ## - PHYSICAL DESCRIPTION
Extent xvi, 301 p. ;
Dimensions 24 cm.
440 #3 - SERIES STATEMENT/ADDED ENTRY--TITLE
Title An everything series
500 ## - GENERAL NOTE
General note Includes index.
650 #0 - SUBJECT ADDED ENTRY--TOPICAL TERM
Topical term or geographic name entry element Finance, Personal.
650 #0 - SUBJECT ADDED ENTRY--TOPICAL TERM
Topical term or geographic name entry element Home economics
General subdivision Accounting.
Holdings
Withdrawn status Lost status Damaged status Not for loan Home library Current library Shelving location Date acquired Total checkouts Full call number Barcode Date last seen Price effective from Koha item type
        Franklin Franklin General stacks 22/03/2026   640/.42 21 BC0011152 22/03/2026 22/03/2026 Books